000 00687nam a2200253Ia 4500
003 OSt
005 20221005060419.0
006 a|||||r|||| 00| 0
007 ta
008 221004b |||||||| |||| 00| 0 eng d
020 _a0415281822
024 _a79144
037 _cTextual
040 _aCRL
_cCRL
_beng
041 _2eng
_aeng
082 _aY150aO, P4
100 _aPearce Lynne
245 0 _aRhetorics of feminism
_b Readings in contemporary cultural theory and the popular press
260 _aLondon
_bRoutledge
_c2004
300 _a242p.
_ccm.
650 _aSOCIOLOGY
942 _hY150aO, P4
_cTEXL
_2cc
999 _c966651
_d966651